Aesthetic continuum: (Record no. 56224)

MARC details
000 -LEADER
fixed length control field 00870nam a22002177a 4500
005 - DATE AND TIME OF LATEST TRANSACTION
control field 20110902145510.0
010 ## - LCCN (DPL NO)
LC control number G-001334
020 ## - INTERNATIONAL STANDARD BOOK NUMBER
International Standard Book Number 9788190720519
Terms of availability 1300.00
035 ## - SYSTEM CONTROL NUMBER
System control number G-001334
037 ## - SOURCE OF ACQUISITION
Source of stock number/acquisition Gift
082 ## - DEWEY DECIMAL CLASSIFICATION NUMBER
Classification number 700.95451
100 ## - MAIN ENTRY--PERSONAL NAME
Personal name Neog, Maheswar
245 ## - TITLE STATEMENT
Title Aesthetic continuum:
Statement of responsibility, etc by Maheswar Neog; compiled by Pranavsvarup Neog
Remainder of title essays on assamese music, drama, dance and paintings /
260 ## - PUBLICATION, DISTRIBUTION, ETC. (IMPRINT)
Place of publication, distribution, etc New Delhi
Name of publisher, distributor, etc Omsons Publications
Date of publication, distribution, etc 2008
270 ## - ADDRESS
Address 4379/4B, Ansari Road, Daryaganj
City New Delhi
Postal code 110002
300 ## - PHYSICAL DESCRIPTION
Extent xiv, 512p.
Dimensions 22cm (Hb)
700 ## - ADDED ENTRY--PERSONAL NAME
Personal name Neog, Pranavsvarup
9 (RLIN) 34194
942 ## - ADDED ENTRY ELEMENTS (KOHA)
Source of classification or shelving scheme Dewey Decimal Classification
Item type English Books
Classification part 700.95451
Call number suffix NEO
Holdings
Withdrawn status Lost status Not for loan Collection code Home library Current library Date acquired Source of acquisition Cost, normal purchase price Full call number Barcode Copy number Cost, replacement price Koha item type
    Not For Loan Reference Janak Puri Janak Puri 02/09/2011 gift 1300.00 700.95451 NEO G-001334 1 1300.00 English Books

© Delhi Public Library
Hit Counter
free hit counter